ਮੌਰਿਸ਼ਸ ਦੀਆਂ ਹਿੰਦੀ ਕਹਾਣੀਆਂ / (Record no. 109990)

MARC details
000 -LEADER
fixed length control field 01165nam a22002657a 4500
005 - DATE AND TIME OF LATEST TRANSACTION
control field 20170123164146.0
010 ## - LIBRARY OF CONGRESS CONTROL NUMBER
LC control number B-201113
020 ## - INTERNATIONAL STANDARD BOOK NUMBER
Terms of availability 250.00
International Standard Book Number 8126021322
035 ## - SYSTEM CONTROL NUMBER
System control number B-201113
037 ## - SOURCE OF ACQUISITION
Source of stock number/acquisition Cen Lib/Ret
040 ## - CATALOGING SOURCE
Original cataloging agency DPL
Language of cataloging PN
082 ## - DEWEY DECIMAL CLASSIFICATION NUMBER
Classification number
Item number ਗੋਇਨ
245 ## - TITLE STATEMENT
Title ਮੌਰਿਸ਼ਸ ਦੀਆਂ ਹਿੰਦੀ ਕਹਾਣੀਆਂ /
Statement of responsibility, etc ਸੰਪਾਦਕ ਕ਼ਮਲ ਕਿਸ਼ੋਰ ਗੋਇਨਕਾ ; ਅਨੁਵਾਦਕ ਓਮ ਪ੍ਰਕਾਸ਼ ਵਸਿਸ਼ਟ
246 ## - VARYING FORM OF TITLE
Title proper/short title Mauritius ki hindi kahaniyan /
Remainder of title edited by Kamal Kishore Goenka ; translated by Om Parkash Vasishta
260 ## - PUBLICATION, DISTRIBUTION, ETC. (IMPRINT)
Place of publication, distribution, etc ਦਿੱਲੀ
Name of publisher, distributor, etc ਸਾਹਿਤ ਪ੍ਰਕਾਸ਼ਨ
Date of publication, distribution, etc 2005
270 ## - ADDRESS
City ਦਿੱਲੀ
300 ## - PHYSICAL DESCRIPTION
Extent 467p ;
Dimensions 20cm
650 ## - SUBJECT ADDED ENTRY--TOPICAL TERM
Topical term or geographic name as entry element ਪੰਜਾਬੀ --ਸਾਹਿਤ
9 (RLIN) 122235
650 ## - SUBJECT ADDED ENTRY--TOPICAL TERM
Topical term or geographic name as entry element ਪੰਜਾਬੀ-- ਕਹਾਣੀਆਂ
9 (RLIN) 122236
650 ## - SUBJECT ADDED ENTRY--TOPICAL TERM
Topical term or geographic name as entry element literature--Punjabi
9 (RLIN) 114104
650 ## - SUBJECT ADDED ENTRY--TOPICAL TERM
Topical term or geographic name as entry element Punjabi - story
9 (RLIN) 116063
700 ## - ADDED ENTRY--PERSONAL NAME
Personal name ਗੋਇਨਕਾ , ਕ਼ਮਲ ਕਿਸ਼ੋਰ
9 (RLIN) 122237
700 ## - ADDED ENTRY--PERSONAL NAME
Personal name ਵਸਿਸ਼ਟ , ਓਮ ਪ੍ਰਕਾਸ਼
9 (RLIN) 96970
942 ## - ADDED ENTRY ELEMENTS (KOHA)
Source of classification or shelving scheme Dewey Decimal Classification
Koha item type Punjabi Bks
Classification part
Call number suffix ਗੋਇਨ
Holdings
Withdrawn status Lost status Damaged status Not for loan Home library Current library Date acquired Source of acquisition Cost, normal purchase price Total Checkouts Full call number Barcode Date last seen Copy number Cost, replacement price Price effective from Koha item type
        Central Library Central Library 12/01/2016 Cen Lib/Ret 250.00   ਕ ਗੋਇਨ B-201113 12/01/2016 1 250.00 12/01/2016 Punjabi Bks

© Delhi Public Library
Hit Counter
free hit counter